| 000 | 01009nam a22003377a 4500 | ||
|---|---|---|---|
| 005 | 20251003144005.0 | ||
| 008 | 210812b2020 xxu||||| |||| 00| 0 spa d | ||
| 020 | _a9786071738288 | ||
| 041 | _aspa | ||
| 082 | _a658.403.8 R696a | ||
| 100 |
_aRodríguez Valencia, Joaquín _93855 |
||
| 245 | _aAdministración con enfoque de sistemas | ||
| 260 | _aMéxico | ||
| 260 | _bTrillas | ||
| 260 | _c2020 | ||
| 300 | _a336 páginas | ||
| 490 | _aDireccion y Administración de Empresas | ||
| 650 | _aGESTIÓN DE LA INFORMACIÓN | ||
| 650 | _aSISTEMA ADMINISTRATIVO | ||
| 650 | _aTRABAJO DE LOS ADMINISTRADORES | ||
| 650 | _aADMINISTRACIÓN DE EMPRESAS | ||
| 650 | _aSISTEMAS DE INFORMACIÓN | ||
| 650 | _aSISTEMA DE PLANEACIÓN | ||
| 650 | _aDESAFÍOS DE LOS ADMINISTRADORES | ||
| 650 | _aÉTICA DE LOS ADMINISTRADORES | ||
| 650 | _aSISTEMA DE ORGANIZACIÓN | ||
| 650 | _aINTEGRACIÓN DE RECURSOS | ||
| 650 | _aSISTEMA DE DIRECCIÓN | ||
| 650 | _aSISTEMA DE CONTROL | ||
| 942 |
_cBK _2ddc |
||
| 999 |
_c13111 _d13111 |
||